|
|
|
|
| LEADER |
01289nam a2200337 a 4500 |
| 001 |
403 |
| 003 |
BD-DhAAL |
| 005 |
20150217093637.0 |
| 008 |
150217s1995 cau b 001 0 eng |
| 010 |
|
|
|a 94036220
|
| 020 |
|
|
|a 0803957858
|
| 020 |
|
|
|a 0803957866 (pbk.)
|
| 040 |
|
|
|a DLC
|c DLC
|d DLC
|d BD-DhAAL
|
| 050 |
0 |
0 |
|a DT1756
|b .S38 1995
|
| 082 |
0 |
0 |
|a 305.8/00968/09049
|2 20
|
| 100 |
1 |
|
|a Schutte, Gerhard.
|9 8509
|
| 245 |
1 |
0 |
|a What racists believe :
|b race relations in South Africa and the United States /
|c Gerhard Schutte.
|
| 260 |
|
|
|a Thousand Oaks, Calif. :
|b Sage Publications,
|c c1995.
|
| 300 |
|
|
|a xiii, 381 p. ;
|c 23 cm.
|
| 490 |
|
|
|a Sage series on race and ethnic relations ;
|v v. 8
|
| 504 |
|
|
|a Includes bibliographical references (p. 362-368) and index.
|
| 541 |
|
|
|e 403
|
| 650 |
|
0 |
|a Racism
|z South Africa.
|9 8510
|
| 650 |
|
0 |
|a Racism
|z United States.
|9 8511
|
| 650 |
|
0 |
|a Whites
|z South Africa.
|9 8512
|
| 650 |
|
0 |
|a Whites
|z United States.
|9 8513
|
| 651 |
|
0 |
|a South Africa
|x Race relations.
|9 8514
|
| 651 |
|
0 |
|a United States
|x Race relations.
|9 8006
|
| 942 |
|
|
|2 ddc
|c BK
|
| 999 |
|
|
|c 33721
|d 33721
|
| 952 |
|
|
|0 0
|1 0
|2 ddc
|4 0
|6 305_800968090490000_SCH
|7 0
|9 52662
|a SCL
|b SCL
|c GEN
|d 2015-02-17
|e Gift: The Asia Foundation
|l 0
|o 305.80096809049 SCH
|p 3020000403
|r 2015-02-17
|t 1
|w 2015-02-17
|y BK
|